000 01003cam a22003134a 4500
001 15295824
005 20180312060213.0
008 080507s2009 njua b 001 0 eng
010 _a 2008020984
016 7 _a101473406
_2DNLM
020 _a9780135035894
020 _a0135035899
035 _a(OCoLC)228114867
035 _a(OCoLC)ocn228114867
040 _aDNLM/DLC
_cDLC
_dNLM
_dBAKER
_dBTCTA
_dC#P
_dYDXCP
_dBWX
_dCDX
_dDLC
041 _aeng
042 _apcc
043 _an-us---
060 0 0 _aWA 31
_bS741c 2009
080 _a362.10425 SPE
082 0 0 _a362.10425 SPE
_222
100 1 _a4
101 _aSHM
245 1 0 _aCultural diversity in health and illness /
_cRachel E. Spector.
504 _aIncludes bibliographical references (p. 375-394) and index.
906 _a7
_bcbc
_corignew
_d1
_eecip
_f20
_gy-gencatlg
942 _2ddc
_cBK
999 _c44705
_d44705